Los títeres en la educación en derechos humanos /
El documento consiste en un folleto informativo e ilustrado acerca del empleo de títeres en la tarea de educar acerca de los derechos humanos.
Tallennettuna:
| Päätekijä: | |
|---|---|
| Aineistotyyppi: | Tuntematon |
| Kieli: | Spanish |
| Julkaistu: |
Perú :
Instituto de Defensa Legal
1990
|
| Painos: | 1era. edición |
| Aiheet: | |
| Tagit: |
Lisää tagi
Ei tageja, Lisää ensimmäinen tagi!
|
MARC
| LEADER | 00000 a2200000 04500 | ||
|---|---|---|---|
| 001 | 47975 | ||
| 003 | cru CIDCACS/IIS | ||
| 005 | 20230621135156.0 | ||
| 008 | 050612s1990 CR A spa d | ||
| 020 | |a Sin ISBN | ||
| 022 | |a [Pendiente] | ||
| 040 | |c cru CIDCACS/IIS | ||
| 090 | |a 04.02.01 V611t | ||
| 100 | |a Viale Yerovi, Celeste | ||
| 245 | |a Los títeres en la educación en derechos humanos / |c Celeste Viale Yerovi | ||
| 250 | |a 1era. edición | ||
| 260 | |a Perú : |b Instituto de Defensa Legal |c 1990 | ||
| 300 | |a 17 páginas |b il. | ||
| 500 | |a Colección ALFORJA | ||
| 520 | |a El documento consiste en un folleto informativo e ilustrado acerca del empleo de títeres en la tarea de educar acerca de los derechos humanos. | ||
| 650 | |a EDUCACION | ||
| 650 | |2 Macrothesaurus de la OCDE/ | ||
| 650 | |a DERECHOS HUMANOS | ||
| 650 | |2 Macrothesaurus de la OCDE/ | ||
| 650 | |a TITERES | ||
| 650 | |2 Listado unificado del CIDCACS/ | ||
| 650 | |a MATERIAL AUDIOVISUAL | ||
| 650 | |2 Macrothesaurus de la OCDE/ | ||
| 942 | |2 ddc |c LI |h 04.02.01 V611t |i 17093 |6 040201_V611T_17093 | ||
| 999 | |c 12571 |d 12571 | ||
